Vista normal Vista MARC

Entrada Nombre de reunión

Número de registros utilizados en: 6

001 - NÚMERO DE CONTROL

  • campo de control: 4360

003 - IDENTIFICADOR DE NÚMERO DE CONTROL

  • campo de control: OSt

005 - FECHA Y HORA DE LA ÚLTIMA TRANSACCIÓN

  • campo de control: 20221005155044.0

008 - ELEMENTOS DE DATO DE LONGITUD-FIJA

  • campo de control de longitud fija: 221005|| aca||aabn | a|a d

040 ## - FUENTE DE CATALOGACIÓN

  • Centro catalogador/agencia de origen: OSt
  • Centro/agencia transcriptor: OSt

111 ## - ENCABEZAMIENTO--NOMBRE DE CONGRESO/REUNIÓN

  • Nombre de congreso/reunión o jurisdicción como elemento de entrada: SEMINARIO SOBRE EXPEDIENTES DE REGULACION DE EMPLEO, QUIEBRAS Y SUSPENSIONES DE PAGOS
  • Fecha del congreso o de la firma del tratado: (1993 :
  • Sede del congreso/Lugar de la reunión: Oviedo)

670 ## - FUENTE DE DATOS ENCONTRADOS

  • Cita de la fuente: Work cat.: (OSt)3633: DIAZ ALVAREZ, Darío 4359, <El> marco sobre expedientes de regulación de empleo, quiebras y suspensiones de pagos /, 1993

Con tecnología Koha